00457nam a2200145Ia 4500008004100000100002100041245009000062245002100152260005900173260000900232300001100241650001800252650001500270856002600285170221s9999 xx 000 0 und d aGaye Asli SANCAR aPolitical Public Relations 2.0 and the use of Twitter of Political Leaders in Turkey  cGaye Asli SANCAR bOnline Journal of Communication and Media Technologies c2013 a33 : 7 xCommunication xMedia Arts uhttp://www.ojcmt.net/